| 000 | 01615nam a2200301Ia 4500 | ||
|---|---|---|---|
| 999 |
_c55226 _d55226 |
||
| 001 | 22301 | ||
| 003 | GE_BSU | ||
| 005 | 20230306171908.0 | ||
| 008 | 181216s2015||||ge |||||||||||||| ||geo|| | ||
| 020 | _a978-9941-437-88-5 | ||
| 040 | _cGE_BSU | ||
| 041 | _ageo | ||
| 080 | _a821.14'04.31 ბ-66 | ||
| 245 |
_aბიზანტიური რომანი / _cბერძნ. თარგმნა, წინათქმა და კომენტ. დაურთო მაია კაკაშვილმა ; რედ. გვანცა კოპლატაძე ; ყდის დიზაინი ალეკო ჯიქურიძე. |
||
| 264 |
_aთბილისი : _bლოგოსი, _c2015. |
||
| 300 |
_a206 გვ. ; _c20 სმ. |
||
| 500 | _aთავფურცელი აგრეთვე ბერძნულ ენაზე | ||
| 500 | _aშენიშვნები გვ. : 186-205 | ||
| 541 | _h7 ლ. | ||
| 653 | _aამბავი დროსილასი და ქარიკლესისა | ||
| 653 | _aამბავი როდანთესი და დოსიკლესისა | ||
| 653 | _aბიზანტიური რომანი | ||
| 700 |
_aკაკაშვილი, მაია _eმთარგმნელი _917120 |
||
| 700 |
_aკოპლატაძე, გვანცა _eრედაქტორი _916344 |
||
| 700 |
_aპროდრომოსი, თ. _eავტორი _917121 |
||
| 700 |
_aევგენიანოსი, ნ. _eავტორი _917122 |
||
| 942 |
_cBK _2udc |
||